[Event "XX C.to Mondiale Seniores"]
[Site "Arco ITA"]
[Date "2010.11.01"]
[Round "6"]
[White "Bardin, Christian"]
[Black "Zanin, Umberto"]
[WhiteElo "1796"]
[BlackElo "1623"]
[Result "1/2-1/2"]
[PlyCount "132"]
[EventDate "2010.10.26"]

1. e4 c5 2. Nf3 a6 3. c3 Nc6 4. d4 cxd4 5. cxd4 e6 6. Nc3 Bb4 7. Be2 Nge7 8.
O-O O-O 9. a3 Bxc3 10. bxc3 b5 11. c4 bxc4 12. Bxc4 d5 13. exd5 Nxd5 14. Qd3
Nce7 15. Ng5 Ng6 16. Rd1 h6 17. Nf3 Nb6 18. Bb3 Qd6 19. Bc2 f5 20. Re1 Bd7 21.
Bd2 Bb5 22. Qb3 Rf6 23. Bb4 Qd7 24. Qa2 Rc8 25. Bc5 Nd5 26. Qb3 Rf7 27. Ne5
Nxe5 28. Rxe5 Re8 29. Rae1 Bc6 30. Bd1 Kh7 31. Bh5 g6 32. Bf3 Qc8 33. Be2 Nc7
34. Bc4 Bd5 35. Bxd5 Nxd5 36. Qf3 Qd7 37. g3 Nf6 38. h3 Ne4 39. Qb3 Nxc5 40.
dxc5 Rfe7 41. Qb6 Qc8 42. c6 Kg7 43. Ra5 Rc7 44. Rxa6 Ree7 45. Re5 Kf6 46. Rea5
Qd8 47. Ra8 Qd6 48. Qb2+ e5 49. Rf8+ Kg7 50. Raa8 Rxc6 51. Rg8+ Kf6 52. Raf8+
Rf7 53. Rxf7+ Kxf7 54. Qb3+ Qe6 55. Qb8 Qe7 56. Rh8 Kf6 57. Rxh6 e4 58. Qh8+
Qg7 59. Qd8+ Ke6 60. Qe8+ Kd5 61. Rh8 Qa1+ 62. Kg2 Qxa3 63. Qf7+ Kd4 64. Rd8+
Rd6 65. Qf6+ Kd5 66. Qf7+ Kd4 1/2-1/2

[Event "XX C.to Mondiale Seniores"]
[Site "Arco ITA"]
[Date "2010.11.01"]
[Round "6"]
[White "Battaglia, Emanuele"]
[Black "Smits, Oswald"]
[WhiteElo "1645"]
[BlackElo "1892"]
[Result "1/2-1/2"]
[PlyCount "79"]
[EventDate "2010.10.26"]

1. d4 Nf6 2. c4 e6 3. Nc3 d5 4. Bg5 Nbd7 5. e3 c6 6. a3 Be7 7. Nf3 O-O 8. Bd3
h6 9. Bh4 a6 10. O-O dxc4 11. Bxc4 Nd5 12. Bxe7 Qxe7 13. Rc1 N5b6 14. Bd3 g6
15. Qc2 Nf6 16. Ne4 Nxe4 17. Bxe4 Nd7 18. b4 Nf6 19. Bd3 Rd8 20. Qc5 Qc7 21.
Qe5 Qe7 22. Qc5 Qe8 23. Ne5 Rd5 24. Qc2 Rd8 25. Qc5 Nd7 26. Nxd7 Rxd7 27. Be4
Qd8 28. Rfd1 Rd6 29. Qe5 Rd7 30. Rc5 Re7 31. Rdc1 Bd7 32. Qd6 Be8 33. Qxd8 Rxd8
34. h3 Red7 35. a4 Rb8 36. b5 cxb5 37. axb5 axb5 38. Rxb5 Rxd4 39. Rxb7 Rdd8
40. Rcc7 1/2-1/2

[Event "XX C.to Mondiale Seniores"]
[Site "Arco ITA"]
[Date "2010.11.01"]
[Round "6"]
[White "Beltrami, Nerio"]
[Black "Mentink, Toon"]
[WhiteElo "1991"]
[BlackElo "1842"]
[Result "1/2-1/2"]
[PlyCount "118"]
[EventDate "2010.10.26"]

1. e4 d5 2. exd5 Nf6 3. d4 Nxd5 4. c4 Nb4 5. Be3 e5 6. dxe5 Qxd1+ 7. Kxd1 Bf5
8. Na3 N8c6 9. Nf3 O-O-O+ 10. Kc1 Be7 11. Be2 h6 12. h3 Rhe8 13. Rd1 Bd3 14.
Rd2 Bxe2 15. Rxe2 Nd3+ 16. Kc2 Ncb4+ 17. Kb3 a5 18. Nb5 Bc5 19. a3 Bxe3 20.
axb4 Nc1+ 21. Rxc1 Bxc1 22. bxa5 Bg5 23. Kc3 c6 24. Nbd4 Be7 25. b4 c5 26. Nc2
cxb4+ 27. Nxb4 Bxb4+ 28. Kxb4 f6 29. Re3 fxe5 30. Nxe5 g5 31. Kc3 Re6 32. Ng4
Ra6 33. Kb4 Rf8 34. f3 h5 35. Nf2 Rf5 36. Ra3 b6 37. axb6 Rxa3 38. Kxa3 Kb7 39.
Kb3 Kxb6 40. Kb4 Re5 41. Ne4 g4 42. hxg4 hxg4 43. Kc3 gxf3 44. gxf3 Rf5 45. Nd2
Rf4 46. Kd3 Kc5 47. Nb3+ Kd6 48. Nd2 Ke5 49. Ke3 Rh4 50. Ne4 Rh3 51. Nf2 Rg3
52. Nd3+ Kf5 53. c5 Rg8 54. Kd4 Rd8+ 55. Kc4 Ke6 56. Nb4 Rc8 57. f4 Kf5 58. Nd5
Ke4 59. f5 Rxc5+ 1/2-1/2

[Event "XX C.to Mondiale Seniores"]
[Site "Arco ITA"]
[Date "2010.11.01"]
[Round "6"]
[White "Birkestrand, Odd"]
[Black "Zamora, Aurel"]
[WhiteElo "1913"]
[BlackElo "1673"]
[Result "1-0"]
[PlyCount "57"]
[EventDate "2010.10.26"]

1. e4 d5 2. exd5 Qxd5 3. Nf3 Bg4 4. Be2 Nf6 5. d4 Nc6 6. Nc3 Qa5 7. O-O e6 8.
h3 h5 9. Bd2 Bxf3 10. Bxf3 Nxd4 11. Bxb7 Rb8 12. Nd5 Qc5 13. Nxf6+ gxf6 14. Be4
Rxb2 15. Be3 e5 16. Re1 Be7 17. Qc1 Rxc2 18. Bxc2 Qxc2 19. Bxd4 Qxc1 20. Raxc1
exd4 21. Rxc7 d3 22. Rexe7+ Kf8 23. Rxf7+ Ke8 24. Rfd7 Rh6 25. Rxd3 f5 26. Rb3
Rd6 27. Rb8+ Rd8 28. Rxd8+ Kxd8 29. Rxa7 1-0

[Event "XX C.to Mondiale Seniores"]
[Site "Arco ITA"]
[Date "2010.11.01"]
[Round "6"]
[White "Bisignano, Giuseppe"]
[Black "Mesiarik, Rudolf"]
[WhiteElo "1897"]
[BlackElo "2173"]
[Result "0-1"]
[PlyCount "104"]
[EventDate "2010.10.26"]

1. e4 c5 2. Nf3 Nc6 3. d4 cxd4 4. Nxd4 e5 5. Nb5 a6 6. Nd6+ Bxd6 7. Qxd6 Qe7 8.
Qd1 Nf6 9. Nc3 h6 10. Be2 O-O 11. O-O d6 12. Be3 Be6 13. Qd2 Rad8 14. Nd5 Bxd5
15. exd5 Nb8 16. c4 Nbd7 17. b4 Rc8 18. Rac1 b6 19. a4 Qd8 20. Rfd1 a5 21. Rb1
axb4 22. Qxb4 Ne4 23. f4 exf4 24. Bxf4 Qf6 25. Be3 Nc3 26. Bg4 Nxd1 27. Rxd1
Rce8 28. Rf1 Qe7 29. Bf2 Ne5 30. Bf5 g6 31. Bc2 Rc8 32. Re1 Qc7 33. Bxb6 Qb8
34. Rxe5 Rxc4 35. Qxc4 Qxb6+ 36. Kf1 dxe5 37. Qc6 Qxc6 38. dxc6 Rc8 39. Be4 f5
40. Bd5+ Kf8 41. g4 Ke7 42. gxf5 gxf5 43. Kf2 Kd6 44. Bg2 e4 45. Bh3 Ke5 46.
Bf1 Rxc6 47. Bb5 Rc2+ 48. Ke1 Ra2 49. Bc6 f4 50. h3 f3 51. h4 Kf4 52. h5 Kg3
0-1

[Event "XX C.to Mondiale Seniores"]
[Site "Arco ITA"]
[Date "2010.11.01"]
[Round "6"]
[White "Bjorgvik, Jan Arne"]
[Black "Pitkanen, Juhani"]
[WhiteElo "1913"]
[BlackElo "1731"]
[Result "1/2-1/2"]
[PlyCount "36"]
[EventDate "2010.10.26"]

1. e4 c5 2. Nf3 g6 3. c3 Bg7 4. d4 cxd4 5. cxd4 d5 6. e5 Nc6 7. Nc3 Bg4 8. Be2
Nh6 9. h3 Bxf3 10. Bxf3 e6 11. O-O O-O 12. g3 Nf5 13. Ne2 f6 14. exf6 Qxf6 15.
Bg4 Nh6 16. Bxh6 Bxh6 17. f4 Bg7 18. Kg2 h5 1/2-1/2

[Event "XX C.to Mondiale Seniores"]
[Site "Arco ITA"]
[Date "2010.11.01"]
[Round "6"]
[White "Blaeser, Roman"]
[Black "Garvani, Vittorio"]
[WhiteElo "2116"]
[BlackElo "1940"]
[Result "1-0"]
[PlyCount "83"]
[EventDate "2010.10.26"]

1. Nf3 c5 2. g3 Nc6 3. Bg2 e5 4. d3 d5 5. Nbd2 Nf6 6. e4 Bg4 7. a4 dxe4 8. dxe4
Be7 9. h3 Be6 10. Ng5 Qd7 11. c3 Rd8 12. Qe2 O-O 13. Nxe6 Qxe6 14. O-O Rfe8 15.
Nc4 Bf8 16. Bg5 h6 17. Bd2 Kh7 18. Rae1 a6 19. a5 Qc8 20. Kh2 Bd6 21. Nb6 Qb8
22. Ra1 Bc7 23. Nc4 Re7 24. h4 Rg8 25. Qf3 Rd8 26. Qf5+ Kg8 27. Bxh6 gxh6 28.
Qxf6 Re6 29. Qf3 Rg6 30. Bh3 Ne7 31. Rad1 Kg7 32. Rxd8 Bxd8 33. Bf5 Rf6 34. g4
Ng6 35. g5 hxg5 36. hxg5 Rc6 37. Qh5 Kf8 38. Rd1 Rc7 39. Bxg6 fxg6 40. Qh8+ Ke7
41. Qg7+ Ke8 42. Nd6# 1-0

[Event "XX C.to Mondiale Seniores"]
[Site "Arco ITA"]
[Date "2010.11.01"]
[Round "6"]
[White "Bogdanov, Valentin"]
[Black "Rosino, Antonio"]
[WhiteElo "2393"]
[BlackElo "2237"]
[Result "1-0"]
[PlyCount "58"]
[EventDate "2010.10.26"]

1. d4 Nf6 2. c4 g6 3. g3 Bg7 4. Bg2 d5 5. cxd5 Nxd5 6. Nf3 O-O 7. O-O c5 8. e4
Nf6 9. e5 Nd5 10. dxc5 Nc6 11. Na3 Ndb4 12. Be3 Nd3 13. Nc4 Ncxe5 14. Nfxe5
Nxe5 15. Nxe5 Bxe5 16. Qe2 Qc7 17. Rac1 Bd7 18. Bh6 Rfe8 19. Bxb7 Qxb7 20. Qxe5
f6 21. Qe2 Qc6 22. Rfe1 e5 23. Red1 Bh3 24. f3 e4 25. Rd6 Qc7 26. Qc4+ Qf7 27.
fxe4 Be6 28. Qd4 g5 29. Rf1 Red8 1-0

[Event "XX C.to Mondiale Seniores"]
[Site "Arco ITA"]
[Date "2010.11.01"]
[Round "6"]
[White "Bue, Gunnar"]
[Black "Cerusico, Carlo"]
[WhiteElo "1820"]
[BlackElo "1404"]
[Result "1-0"]
[PlyCount "55"]
[EventDate "2010.10.26"]

1. d4 g6 2. c4 Bg7 3. Nc3 d6 4. e4 e6 5. Be3 Nd7 6. Qd2 h6 7. O-O-O Ne7 8. f4
b6 9. Nf3 Bb7 10. Bd3 a6 11. g4 Qb8 12. h4 Qa7 13. h5 O-O-O 14. hxg6 fxg6 15.
g5 h5 16. Nh4 Nf8 17. Rhf1 Kb8 18. f5 gxf5 19. exf5 exf5 20. Bxf5 Bc8 21. Bxc8
Kxc8 22. Rf7 Rd7 23. Rxg7 Neg6 24. Rxd7 Kxd7 25. Nxg6 Nxg6 26. Rf1 Qb8 27. Rf7+
Kc6 28. Qg2+ 1-0

[Event "XX C.to Mondiale Seniores"]
[Site "Arco ITA"]
[Date "2010.11.01"]
[Round "6"]
[White "Carlsten, Peter"]
[Black "Degtiarev, Viktor"]
[WhiteElo "2097"]
[BlackElo "1867"]
[Result "1-0"]
[PlyCount "31"]
[EventDate "2010.10.26"]

1. e4 e5 2. d4 exd4 3. Qxd4 Nc6 4. Qe3 b6 5. Nc3 Bb7 6. Bd2 g6 7. O-O-O Bg7 8.
Nd5 Nge7 9. Bc3 Ne5 10. f4 Ng4 11. Bxg7 Bxd5 12. Qe2 Rg8 13. exd5 h5 14. h3
Rxg7 15. hxg4 hxg4 16. Rh8+ 1-0

[Event "XX C.to Mondiale Seniores"]
[Site "Arco ITA"]
[Date "2010.11.01"]
[Round "6"]
[White "Cebalo, Miso"]
[Black "Lederman, Leon"]
[WhiteElo "2493"]
[BlackElo "2255"]
[Result "1/2-1/2"]
[PlyCount "51"]
[EventDate "2010.10.26"]

1. d4 d5 2. c4 c6 3. Nf3 Nf6 4. Nc3 e6 5. Bg5 h6 6. Bxf6 Qxf6 7. e3 Nd7 8. Bd3
Bb4 9. O-O O-O 10. Rc1 Re8 11. e4 Bxc3 12. Rxc3 dxe4 13. Bxe4 e5 14. Bb1 exd4
15. Nxd4 Ne5 16. Qc2 g6 17. Re3 Bd7 18. h3 c5 19. Nb3 b6 20. Qc3 Kg7 21. Be4
Rad8 22. Bd5 Re7 23. Rfe1 Rde8 24. Nd2 Nc6 25. Qxf6+ Kxf6 26. Ne4+ 1/2-1/2

[Event "XX C.to Mondiale Seniores"]
[Site "Arco ITA"]
[Date "2010.11.01"]
[Round "6"]
[White "Cesati Cassin, Giorgio"]
[Black "Frugoni, Giulio"]
[WhiteElo "1598"]
[BlackElo "1723"]
[Result "1/2-1/2"]
[PlyCount "39"]
[EventDate "2010.10.26"]

1. e4 c5 2. Nc3 d6 3. g3 Nf6 4. Bg2 Nc6 5. Nge2 Bg4 6. h3 Bd7 7. d4 cxd4 8.
Nxd4 a6 9. O-O e6 10. Bg5 Be7 11. Qd2 Qc8 12. Kh2 O-O 13. Rae1 Rb8 14. f4 b5
15. e5 dxe5 16. fxe5 Nd5 17. Nxd5 exd5 18. Nxc6 Bxg5 19. Qxg5 Bxc6 20. Qd2
1/2-1/2

[Event "XX C.to Mondiale Seniores"]
[Site "Arco ITA"]
[Date "2010.11.01"]
[Round "6"]
[White "Chehlov, Aleksander"]
[Black "Butnorius, Algimantas"]
[WhiteElo "2259"]
[BlackElo "2439"]
[Result "0-1"]
[PlyCount "82"]
[EventDate "2010.10.26"]

1. e4 c5 2. Nf3 e6 3. d3 Nc6 4. g3 d5 5. Nbd2 Bd6 6. Bg2 Nge7 7. a3 O-O 8. O-O
b6 9. Re1 Bc7 10. Qe2 a5 11. Nf1 h6 12. h4 e5 13. Ne3 Be6 14. c4 dxe4 15. dxe4
a4 16. Rd1 Qc8 17. Nd5 Bg4 18. Nxe7+ Nxe7 19. Re1 Nc6 20. Qe3 Qa6 21. Qc3 Rac8
22. Be3 Rfd8 23. Nd2 Rd7 24. f3 Be6 25. Kf2 Rcd8 26. Bf1 Qa5 27. Nb1 Qa8 28.
Qc2 Nd4 29. Bxd4 Rxd4 30. Rc1 b5 31. cxb5 Qa7 32. Kg2 Bb3 33. Qf2 Bb6 34. Be2
c4 35. Qf1 Qc7 36. Nc3 Rd2 37. Nd5 Qc5 38. Kh1 Qxb5 39. Rab1 Bd4 40. Bxc4 Bxc4
41. Qxc4 Rd1+ 0-1

[Event "XX C.to Mondiale Seniores"]
[Site "Arco ITA"]
[Date "2010.11.01"]
[Round "6"]
[White "Chernikov, Oleg L."]
[Black "Hammar, Bengt"]
[WhiteElo "2425"]
[BlackElo "2240"]
[Result "1-0"]
[PlyCount "83"]
[EventDate "2010.10.26"]

1. Nf3 Nf6 2. c4 g6 3. b3 Bg7 4. Bb2 O-O 5. g3 d6 6. d4 e5 7. dxe5 Ng4 8. Nc3
Nxe5 9. Bg2 Nxf3+ 10. Bxf3 Nc6 11. O-O Bh3 12. Re1 Ne5 13. Bh1 c6 14. Qd2 Qa5
15. Rad1 Rad8 16. Ba1 Ng4 17. Ne4 Qxd2 18. Rxd2 Bxa1 19. Rxa1 h6 20. Nxd6 Rd7
21. Rad1 f5 22. Bg2 Bxg2 23. Kxg2 Re7 24. e3 g5 25. h3 Ne5 26. f4 Ng6 27. Kf2
Rc7 28. b4 Ne7 29. a4 Kg7 30. b5 Kg6 31. a5 cxb5 32. cxb5 Rd8 33. e4 fxe4 34.
Nxe4 Rxd2+ 35. Rxd2 gxf4 36. gxf4 Rc4 37. Kf3 Rb4 38. Rd6+ Kf7 39. Rxh6 Nf5 40.
Rf6+ Ke8 41. Rh6 Rxb5 42. Rh7 1-0

[Event "XX C.to Mondiale Seniores"]
[Site "Arco ITA"]
[Date "2010.11.01"]
[Round "6"]
[White "Damian, Pavel"]
[Black "Bortolotti, Silvano"]
[WhiteElo "1951"]
[BlackElo "1778"]
[Result "1-0"]
[PlyCount "61"]
[EventDate "2010.10.26"]

1. e4 e5 2. Nf3 Nc6 3. Bb5 a6 4. Ba4 Nf6 5. d3 d6 6. h3 b5 7. Bb3 Na5 8. c3
Nxb3 9. Qxb3 Be6 10. Qc2 h6 11. d4 exd4 12. cxd4 Be7 13. d5 Bd7 14. O-O O-O 15.
Be3 Qc8 16. Nbd2 c5 17. dxc6 Qxc6 18. Qd3 Qb7 19. Nd4 Rfc8 20. f3 Be8 21. Nf5
Rd8 22. Nb3 a5 23. Nbd4 Bf8 24. g4 Qb8 25. Qd2 g5 26. Bxg5 hxg5 27. Qxg5+ Kh7
28. Qxf6 d5 29. e5 Qb7 30. e6 fxe6 31. Nxe6 1-0

[Event "XX C.to Mondiale Seniores"]
[Site "Arco ITA"]
[Date "2010.11.01"]
[Round "6"]
[White "Davydov, Mihail"]
[Black "Radomsky, Viacheslav G."]
[WhiteElo "2032"]
[BlackElo "2166"]
[Result "0-1"]
[PlyCount "50"]
[EventDate "2010.10.26"]

1. e4 c5 2. Nf3 d6 3. d4 cxd4 4. Nxd4 Nf6 5. Nc3 a6 6. h3 e6 7. g4 Be7 8. Bg2
O-O 9. Nde2 Nc6 10. Be3 Qc7 11. Qd2 Ne5 12. b3 Rd8 13. f4 Ng6 14. Bf2 Bd7 15.
g5 Ne8 16. h4 Rac8 17. O-O-O d5 18. exd5 Bb4 19. Bd4 Bb5 20. Rh3 Bxe2 21. Qxe2
Nxf4 22. Qe4 Nxh3 23. Be5 Bd6 24. Bd4 Nf4 25. dxe6 Nxe6 0-1

[Event "XX C.to Mondiale Seniores"]
[Site "Arco ITA"]
[Date "2010.11.01"]
[Round "6"]
[White "Doehner, Hans-Juergen"]
[Black "Diaz Franco, Francisco Jorge"]
[WhiteElo "2169"]
[BlackElo "1993"]
[Result "1-0"]
[PlyCount "85"]
[EventDate "2010.10.26"]

1. e4 c6 2. d4 d5 3. e5 c5 4. dxc5 Nc6 5. Bb5 e6 6. Be3 Bd7 7. Bxc6 Bxc6 8. Bd4
Nh6 9. Nf3 Nf5 10. c3 g6 11. O-O Bg7 12. Re1 O-O 13. Nbd2 Qc7 14. b4 Rfc8 15.
a4 b6 16. Nb3 h6 17. Qe2 Bf8 18. g4 Ng7 19. Qe3 bxc5 20. Nxc5 Ne8 21. Nd2 Qd8
22. f4 a6 23. Ndb3 Nc7 24. h3 Qh4 25. Kh2 Ne8 26. Ra2 Ng7 27. Qg3 Qe7 28. Rf1
Kh7 29. Rg1 Be8 30. Rf2 Bc6 31. f5 exf5 32. gxf5 gxf5 33. Rxf5 Bd7 34. Rf6 Rc6
35. Qf3 Be6 36. Qd3+ Nf5 37. Rxf5 Bxf5 38. Qxf5+ Rg6 39. Rf1 Ra7 40. e6 Qh4 41.
Kh1 fxe6 42. Nxe6 Ra8 43. Nf4 1-0

[Event "XX C.to Mondiale Seniores"]
[Site "Arco ITA"]
[Date "2010.11.01"]
[Round "6"]
[White "Dydyshko, Viacheslav"]
[Black "Timoscenko, Gennadij A."]
[WhiteElo "2547"]
[BlackElo "2499"]
[Result "1/2-1/2"]
[PlyCount "59"]
[EventDate "2010.10.26"]

1. d4 d5 2. c4 c6 3. Nf3 Nf6 4. Nc3 e6 5. Bg5 Nbd7 6. Qb3 Be7 7. e3 O-O 8. Be2
dxc4 9. Qxc4 Nd5 10. Bxe7 Qxe7 11. O-O Nxc3 12. Qxc3 c5 13. Rfd1 b6 14. Bb5 Bb7
15. Bxd7 Bxf3 16. gxf3 Qxd7 17. dxc5 Qc6 18. Kg2 bxc5 19. Rac1 Rac8 20. b4 e5
21. Qxe5 Qg6+ 22. Kh1 cxb4 23. Rxc8 Rxc8 24. Qc7 Rf8 25. Qxa7 Qc2 26. Rf1 Qc6
27. e4 Ra8 28. Qd4 Qf6 29. Qxf6 gxf6 30. Rb1 1/2-1/2

[Event "XX C.to Mondiale Seniores"]
[Site "Arco ITA"]
[Date "2010.11.01"]
[Round "6"]
[White "Ermenkov, Evgenij P."]
[Black "Filipenko, Alexander V."]
[WhiteElo "2442"]
[BlackElo "2327"]
[Result "1-0"]
[PlyCount "99"]
[EventDate "2010.10.26"]

1. e4 c6 2. d4 d5 3. Nd2 dxe4 4. Nxe4 Bf5 5. Ng3 Bg6 6. h4 h6 7. Nf3 e6 8. h5
Bh7 9. Bd3 Bxd3 10. Qxd3 Nf6 11. Bf4 Bd6 12. Ne5 Bxe5 13. Bxe5 Qa5+ 14. c3 Nbd7
15. f4 O-O-O 16. Qe2 Ne8 17. Ne4 f6 18. Bd6 f5 19. Bb4 Qd5 20. Ng3 Nc7 21. O-O
g5 22. hxg6 a5 23. Be7 Rde8 24. Bh4 Reg8 25. Rfd1 Qd6 26. Nh5 Rxg6 27. c4 Rhg8
28. g3 Rg4 29. Kh2 Qf8 30. d5 exd5 31. cxd5 Qf7 32. dxc6 bxc6 33. Rxd7 Qxh5 34.
Qe7 Rxh4+ 35. gxh4 Ne6 36. Rd2 Qg6 37. Kh1 Nd4 38. Qa7 Qg3 39. Qa8+ Kc7 40.
Qa7+ Kc8 41. Qa8+ Kc7 42. Qxa5+ Kb7 43. Qb4+ Kc8 44. Qa3 Qxh4+ 45. Rh2 Qg4 46.
Rf1 Rd8 47. Qa8+ Kc7 48. Qa7+ Kc8 49. Rxh6 Qg8 50. Rh7 1-0

[Event "XX C.to Mondiale Seniores"]
[Site "Arco ITA"]
[Date "2010.11.01"]
[Round "6"]
[White "Facchetti, Gianni"]
[Black "Kornath, Heinrich"]
[WhiteElo "2151"]
[BlackElo "1956"]
[Result "1-0"]
[PlyCount "49"]
[EventDate "2010.10.26"]

1. e4 e6 2. d4 d5 3. Nd2 Nf6 4. e5 Nfd7 5. Bd3 c5 6. c3 Nc6 7. Ne2 cxd4 8. cxd4
Qb6 9. Nf3 Bb4+ 10. Bd2 f5 11. exf6 Nxf6 12. O-O Bd6 13. Bf4 Bxf4 14. Nxf4 O-O
15. Re1 Ne4 16. g3 Qxb2 17. Bxe4 dxe4 18. Rxe4 e5 19. Nxe5 Bf5 20. Re2 Qxd4 21.
Qb3+ Kh8 22. Rd1 Qb6 23. Nf7+ Kg8 24. Nh6+ Kh8 25. Qg8+ 1-0

[Event "XX C.to Mondiale Seniores"]
[Site "Arco ITA"]
[Date "2010.11.01"]
[Round "6"]
[White "Fragni, Enrico"]
[Black "Henrichsen, Erland"]
[WhiteElo "1756"]
[BlackElo "2012"]
[Result "0-1"]
[PlyCount "88"]
[EventDate "2010.10.26"]

1. Nf3 Nf6 2. d3 d5 3. c3 c5 4. Bg5 Nbd7 5. Nbd2 Qc7 6. e4 e5 7. Be2 Be7 8. Qc2
O-O 9. a4 b6 10. O-O Ba6 11. Rfe1 Rfe8 12. Bf1 Bb7 13. Rad1 Nh5 14. Bxe7 Rxe7
15. g3 Rae8 16. Bh3 Nhf6 17. Nh4 g6 18. f3 a6 19. c4 d4 20. Qc1 Nf8 21. g4 Ne6
22. Nf1 Nf4 23. Bg2 Nd7 24. Ng3 Nf8 25. Bf1 Bc6 26. b3 Qd8 27. Ng2 Nh3+ 28. Kh1
Nf2+ 29. Kg1 Nh3+ 30. Kh1 Nf2+ 31. Kg1 Nxd1 32. Rxd1 Ne6 33. h4 Rb7 34. f4 exf4
35. Nxf4 Nxf4 36. Qxf4 Re6 37. g5 Qd6 38. Qf3 f5 39. Bh3 Re8 40. h5 fxe4 41.
dxe4 Rf7 42. Bf5 gxf5 43. Nxf5 Rxf5 44. Qxf5 Qg3+ 0-1

[Event "XX C.to Mondiale Seniores"]
[Site "Arco ITA"]
[Date "2010.11.01"]
[Round "6"]
[White "Garcia, Raimundo"]
[Black "Zhelesny, Stanislav"]
[WhiteElo "2331"]
[BlackElo "2194"]
[Result "1/2-1/2"]
[PlyCount "105"]
[EventDate "2010.10.26"]

1. c4 Nf6 2. Nc3 d5 3. cxd5 Nxd5 4. g3 g6 5. Bg2 Nb6 6. Nf3 Bg7 7. O-O O-O 8.
d4 c6 9. h3 Be6 10. Bf4 Nd5 11. Bd2 Nb6 12. Qc1 Qc8 13. Kh2 Re8 14. Bh6 Bh8 15.
Rd1 f6 16. e4 N8d7 17. Qe3 Bf7 18. Rac1 Qb8 19. Bf4 Qc8 20. d5 g5 21. Bxg5 fxg5
22. Qxg5+ Bg6 23. e5 Bg7 24. h4 Rf8 25. e6 Nf6 26. Ne5 Be8 27. Bh3 h6 28. Qe3
cxd5 29. Nf7 Nc4 30. Qe2 b5 31. b3 Nb6 32. Qe3 Qb7 33. Ne2 Rc8 34. Nd4 Rxc1 35.
Qxc1 Nc8 36. Qf4 Nd6 37. Nxd6 exd6 38. Nf5 Ne4 39. e7 Rxf5 40. Qxf5 Qxe7 41.
Qxd5+ Bf7 42. Qa8+ Bf8 43. Re1 d5 44. Re2 Qc5 45. Kg2 Nc3 46. Re5 Qd6 47. Rf5
Qe7 48. Kh2 b4 49. Bg2 Be6 50. Rf4 Bf7 51. Qc6 Qe6 52. Qa8 Qe7 53. Qc6 1/2-1/2

[Event "XX C.to Mondiale Seniores"]
[Site "Arco ITA"]
[Date "2010.11.01"]
[Round "6"]
[White "Grinberg, Iosif P."]
[Black "Strekalovski, Viktor"]
[WhiteElo "2217"]
[BlackElo "2102"]
[Result "1-0"]
[PlyCount "119"]
[EventDate "2010.10.26"]

1. d4 c6 2. c4 Qc7 3. g3 d6 4. Bg2 e5 5. Nf3 Bg4 6. Nc3 Nd7 7. O-O Be7 8. d5 h6
9. dxc6 bxc6 10. Be3 Nb6 11. b3 Nf6 12. Rc1 O-O 13. h3 Be6 14. Qc2 Qc8 15. Kh2
Bf5 16. Qb2 Rb8 17. c5 Nc4 18. Qa1 Nxe3 19. fxe3 Bd7 20. Rfd1 Qc7 21. cxd6 Bxd6
22. e4 Rfe8 23. Nd2 Be6 24. Na4 Nd7 25. Nc4 Bf8 26. Ne3 Qb7 27. Nf5 Qa6 28. Rc2
c5 29. Ne3 Rb4 30. Nd5 Bxd5 31. Rxd5 Qe6 32. e3 Nb6 33. Nxb6 Qxb6 34. Qd1 a5
35. Rd7 Qf6 36. Kg1 Qg6 37. Qf3 Rb6 38. Bf1 Rf6 39. Qg4 Qxg4 40. hxg4 a4 41.
bxa4 Ra8 42. Bb5 Rf3 43. Rf2 Rxg3+ 44. Kh2 Rxg4 45. Rdxf7 Rf4 46. R7xf4 exf4
47. exf4 Kf7 48. Kg3 g6 49. Rd2 Be7 50. Kf3 Ra7 51. e5 h5 52. Ke4 Kg7 53. Rd7
Rxd7 54. Bxd7 Bd8 55. Kd5 Bb6 56. Bb5 h4 57. Bf1 Ba5 58. Ke6 Bc3 59. Kd7 g5 60.
e6 1-0

[Event "XX C.to Mondiale Seniores"]
[Site "Arco ITA"]
[Date "2010.11.01"]
[Round "6"]
[White "Hjertenes, Oystein"]
[Black "Kock, Hans-Uwe"]
[WhiteElo "2199"]
[BlackElo "2101"]
[Result "1/2-1/2"]
[PlyCount "39"]
[EventDate "2010.10.26"]

1. Nf3 Nf6 2. g3 g6 3. Bg2 Bg7 4. O-O O-O 5. c4 c5 6. Nc3 Nc6 7. d4 cxd4 8.
Nxd4 Nxd4 9. Qxd4 d6 10. Qd2 Rb8 11. b3 Bd7 12. Bb2 Qc8 13. Nd5 Nxd5 14. Bxg7
Kxg7 15. cxd5 b6 16. Rac1 Qb7 17. Rc4 Rbc8 18. Rfc1 Rxc4 19. Rxc4 Rc8 20. Qd4+
1/2-1/2

[Event "XX C.to Mondiale Seniores"]
[Site "Arco ITA"]
[Date "2010.11.01"]
[Round "6"]
[White "Hlinschi, Mihai"]
[Black "Meinhardt, Guenther"]
[WhiteElo "1776"]
[BlackElo "1947"]
[Result "1-0"]
[PlyCount "65"]
[EventDate "2010.10.26"]

1. e4 e5 2. Nf3 Nc6 3. Be2 Nf6 4. d3 d5 5. Nbd2 Be7 6. O-O O-O 7. c3 Be6 8. Qc2
Qd7 9. Ng5 Bg4 10. f3 Bh5 11. g4 Bg6 12. Nh3 h5 13. Nf2 dxe4 14. dxe4 Bc5 15.
g5 Nd5 16. Nb3 Bxf2+ 17. Rxf2 Nf4 18. Bxf4 exf4 19. Rd1 Qe7 20. Rg2 Rad8 21.
Kh1 Rxd1+ 22. Qxd1 Rd8 23. Qc1 Qe5 24. h4 f5 25. gxf6 Qxf6 26. Rg5 Ne5 27. Qe1
b6 28. Nd4 Nf7 29. Bc4 c5 30. e5 Qe7 31. Nc6 Qd7 32. Nxd8 Qxd8 33. Rxg6 1-0

[Event "XX C.to Mondiale Seniores"]
[Site "Arco ITA"]
[Date "2010.11.01"]
[Round "6"]
[White "Hohler, Peter"]
[Black "Ruckschloss, Karol"]
[WhiteElo "2193"]
[BlackElo "2293"]
[Result "0-1"]
[PlyCount "122"]
[EventDate "2010.10.26"]

1. Nf3 d6 2. d4 g6 3. e4 Nf6 4. Nc3 Bg7 5. Be2 c6 6. O-O O-O 7. a4 Qc7 8. Bf4
Nh5 9. Be3 e5 10. dxe5 dxe5 11. Bc4 Nf4 12. Qe1 Be6 13. Bxe6 Nxe6 14. Rd1 Qe7
15. Nd2 Nd4 16. Rc1 Qb4 17. Nb3 Na6 18. f3 Rfd8 19. Qf2 b6 20. Rfd1 Nxb3 21.
cxb3 Qxb3 22. Rd2 Bf6 23. Rcd1 Rxd2 24. Rxd2 Be7 25. a5 Bc5 26. axb6 axb6 27.
h4 Qe6 28. Kh2 Qe7 29. g3 Rd8 30. Qe2 Bxe3 31. Qxe3 Rxd2+ 32. Qxd2 Nc5 33. Qe3
Qd8 34. Kg2 Kg7 35. b4 Qd3 36. Qxd3 Nxd3 37. b5 cxb5 38. Nxb5 f5 39. Kf1 Nc5
40. Nc3 Kf7 41. Ke2 Ke6 42. Nd5 Nd7 43. Kd3 h5 44. Nc3 Nf6 45. Kc4 fxe4 46.
fxe4 Kd6 47. Kb5 Kc7 48. Kc4 Kc6 49. Kd3 b5 50. Nd1 Kd6 51. Ne3 Kc5 52. Nd1 Kd6
53. Ne3 Kc6 54. Nd1 Nd7 55. Nb2 Nc5+ 56. Ke3 Kb6 57. Nd1 b4 58. Nb2 Kb5 59. Kf3
b3 60. Ke3 Kb4 61. Nd1 Kc4 0-1

[Event "XX C.to Mondiale Seniores"]
[Site "Arco ITA"]
[Date "2010.11.01"]
[Round "6"]
[White "Jacobsen, Bo"]
[Black "Rukavina, Josip"]
[WhiteElo "2317"]
[BlackElo "2423"]
[Result "0-1"]
[PlyCount "88"]
[EventDate "2010.10.26"]

1. c4 Nf6 2. g3 c6 3. Bg2 d5 4. Nf3 Bg4 5. O-O Nbd7 6. cxd5 cxd5 7. Nc3 e6 8.
d3 Bxf3 9. Bxf3 Ne5 10. Bg2 Nc6 11. Qb3 Qd7 12. e4 d4 13. Nb5 Rc8 14. a4 Be7
15. Bh3 O-O 16. Bd2 Qd8 17. Na3 Nd7 18. Nc4 b6 19. f4 Rc7 20. Rac1 Qb8 21. Rf3
Rfc8 22. g4 a6 23. Rcf1 b5 24. axb5 Nc5 25. Qa2 axb5 26. Na3 Ra7 27. Qb1 Nb3
28. Be1 Nb4 29. Qd1 Na5 30. g5 Nac6 31. Rg3 Bf8 32. g6 hxg6 33. f5 exf5 34.
exf5 Nd8 35. fxg6 Rcc7 36. Qh5 fxg6 37. Rxf8+ Kxf8 38. Bxb4+ Kg8 39. Qg5 Ra6
40. Bg2 Nf7 41. Bd5 Rf6 42. Rg2 Rf5 43. Bxf7+ Rcxf7 44. Qc1 Qe5 0-1

[Event "XX C.to Mondiale Seniores"]
[Site "Arco ITA"]
[Date "2010.11.01"]
[Round "6"]
[White "Jenkins, Tom Ivar"]
[Black "Spano' Cuomo, Gaetano"]
[WhiteElo "1975"]
[BlackElo "1806"]
[Result "1/2-1/2"]
[PlyCount "85"]
[EventDate "2010.10.26"]

1. d4 d5 2. Nf3 Nf6 3. e3 e6 4. c4 Bd6 5. Nc3 c6 6. cxd5 exd5 7. Bd3 O-O 8. h3
Nbd7 9. a3 Re8 10. O-O Ne4 11. Qc2 Ndf6 12. b4 Nxc3 13. Qxc3 Ne4 14. Qc2 Bd7
15. Bb2 Ng5 16. Nxg5 Qxg5 17. f4 Qh6 18. Rf3 Re7 19. Re1 Rae8 20. Bc1 g6 21. g4
Qh4 22. Qf2 Qxf2+ 23. Kxf2 f5 24. gxf5 Bxf5 25. Bxf5 gxf5 26. Rg3+ Rg7 27. Reg1
Rxg3 28. Rxg3+ Kf7 29. Kf3 Rg8 30. Rxg8 Kxg8 31. Bd2 Kf7 32. Be1 Ke6 33. Ke2
Be7 34. Kd3 Kf7 35. Ke2 a5 36. Kf1 axb4 37. axb4 Ke6 38. Ke2 Kd7 39. Kd3 Kc7
40. Kc2 Bd8 41. Kb3 Kb8 42. Ka4 Ka7 43. b5 1/2-1/2